[Event "AUT-ch"]
[Site "Voitsberg"]
[Date "1995.??.??"]
[Round "9"]
[White "Stanec, Nikolaus"]
[Black "Weinzettl, Ernst"]
[Result "1/2-1/2"]
[WhiteElo "2480"]
[BlackElo "2390"]

1.Nf3 d5 2.g3 c6 3.Bg2 g6 4.O-O Bg7 5.d4 Nf6 6.Ne5 Bf5 7.c4 Bxb1 8.Rxb1 O-O
9.cxd5 cxd5 10.Qb3 Qb6 11.Bxd5 Nxd5 12.Qxd5 Nc6 13.Nxc6 bxc6 14.Qc4 Bxd4
15.Bg5 Rfe8 16.b4 Rad8 17.Rbc1 Rd5 18.Bf4 a5  1/2-1/2

[Event "AUT-ch"]
[Site "Voitsberg"]
[Date "1995.??.??"]
[Round "12"]
[White "Eisterer, Heinrich"]
[Black "Casagrande, Harald"]
[Result "0-1"]
[WhiteElo "2360"]
[BlackElo "2340"]

1.Nf3 d5 2.g3 c6 3.Bg2 Bg4 4.c4 e6 5.cxd5 exd5 6.O-O Nd7 7.d3 Ngf6 8.a3 a5
9.Nc3 Be7 10.Rb1 O-O 11.b4 axb4 12.axb4 Bxf3 13.Bxf3 d4 14.Na4 b5 15.Nc5 Nxc5
16.bxc5 Nd5 17.Bb2 Bf6 18.Qb3 Ne7 19.Ra1 Qd7 20.Ra2 Qf5 21.Rfa1 Rxa2 22.Rxa2 Qxc5
23.Ba3 Qc3 24.Qb1 c5 25.Qxb5 Rc8 26.Bg4 Rd8 27.Bxc5 Qc1+ 28.Kg2 Qg5 29.Qd7 Rxd7
30.Ra8+ Nc8  0-1

[Event "AUT-ch"]
[Site "Voitsberg"]
[Date "1995.??.??"]
[Round "12"]
[White "Weinzettl, Ernst"]
[Black "Zoebisch, Herbert"]
[Result "1-0"]
[WhiteElo "2390"]
[BlackElo "2290"]

1.Nf3 d5 2.g3 c6 3.Bg2 Bg4 4.d3 Nd7 5.Nbd2 Ngf6 6.O-O e6 7.b3 Bd6 8.Bb2 O-O
9.e4 Re8 10.Qe1 e5 11.h3 Bxf3 12.Nxf3 dxe4 13.dxe4 a5 14.Rd1 Qe7 15.Nh4 Bb4
16.Nf5 Qf8 17.c3 Bc5 18.Qd2 h6 19.Nd6 Reb8 20.Kh2 Nb6 21.Nf5 Rd8 22.Qe2 g6
23.Nh4 Rxd1 24.Rxd1 Rd8 25.Rf1 Qd6 26.Bc1 Kg7 27.f4 Nbd7 28.Rd1 Qe7 29.Qd2 Ng8
30.c4 Bb6 31.Bb2 Ndf6 32.Qc2 Rxd1 33.Qxd1 exf4 34.gxf4 Kh7 35.Qf3 Qc5 36.Qf1 Qe7
37.Qf3 Qc5 38.Qf1 Qe7 39.Qe1 Qc5 40.Nf3 Qe3 41.Bc1 Qxe1 42.Nxe1 Nd7 43.Kg3 Kg7
44.Kf3 f6 45.h4 Kf7 46.Bh3 Ke7 47.Nd3 Kd8 48.Be6 Ne7 49.Bb2 f5 50.exf5 Nxf5
51.h5 Nf8 52.Bxf5 gxf5 53.Bg7 Ke8 54.Bxh6 Ne6 55.Bg5 Bd4 56.Ne1 b5 57.cxb5 cxb5
58.Ng2 Bh8 59.Ke3 a4 60.bxa4 bxa4 61.Nh4 Bd4+ 62.Kd3 Bb6 63.Nxf5  1-0

[Event "AUT-ch"]
[Site "Voitsberg"]
[Date "1995.??.??"]
[Round "14"]
[White "Wach, Markus"]
[Black "Zoebisch, Herbert"]
[Result "1-0"]
[WhiteElo "2380"]
[BlackElo "2290"]

1.Nf3 d5 2.g3 c6 3.Bg2 Bg4 4.O-O Nd7 5.d3 Ngf6 6.Nbd2 e6 7.b3 Bd6 8.Bb2 O-O
9.e4 Re8 10.h3 Bxf3 11.Bxf3 a5 12.Bg2 Qc7 13.f4 dxe4 14.dxe4 e5 15.f5 Rad8
16.Qe2 Bc5+ 17.Kh2 Bd4 18.c3 Ba7 19.Rad1 Nc5 20.Ba3 b5 21.b4 Na4 22.Nb1 Nb6
23.bxa5 Nc4 24.Bc1 Qxa5 25.g4 h6 26.Kg3 Qb6 27.Rde1 Rd7 28.h4 h5 29.gxh5 Red8
30.h6 Rd3+ 31.Rf3 Rxf3+ 32.Bxf3 gxh6 33.Bxh6 Kh8 34.Kh2 Rg8 35.h5 Kh7 36.Bc1 Qd8
37.Kh3 Qf8 38.h6 Qc5 39.Nd2 Nxd2 40.Bxd2  1-0

[Event "AUT-chT9596"]
[Site "Vorarlberg"]
[Date "1995.??.??"]
[Round "1"]
[White "Novkovic, Milan"]
[Black "Schallert, Martin"]
[Result "1-0"]
[WhiteElo "2350"]
[BlackElo "1945"]

1.Nf3 d5 2.g3 c6 3.Bg2 Bg4 4.O-O Nf6 5.b3 e6 6.Bb2 Nbd7 7.d3 Be7 8.Nbd2 O-O
9.e4 dxe4 10.dxe4 e5 11.h3 Bxf3 12.Qxf3 Qc7 13.Rfd1 Rfe8 14.a4 a5 15.Qe2 Nf8
16.Nc4 N6d7 17.h4 Bc5 18.Bh3 Ne6 19.Bxe6 Rxe6 20.Rd3 Rf6 21.Rf3 Rxf3 22.Qxf3 b5
23.Ne3 Bxe3 24.Qxe3 Rd8 25.Rd1 Nf8 26.Rxd8 Qxd8 27.Qe2 Qd6 28.axb5 cxb5 29.Qxb5 Qd1+
30.Kg2 Qxc2 31.Qxe5 f6 32.Qd5+ Kh8 33.Ba3 Qc8 34.Bxf8  1-0

[Event "AUT-chT9596"]
[Site "Vorarlberg"]
[Date "1995.??.??"]
[Round "4"]
[White "Forster, Reinhard"]
[Black "Blocher, Edgar"]
[Result "0-1"]
[WhiteElo "1970"]
[BlackElo "1810"]

1.Nf3 d5 2.g3 c5 3.Bg2 Nc6 4.d4 e6 5.O-O Nf6 6.c3 Be7 7.Bg5 Qb6 8.b3 h6 9.Bxf6 Bxf6
10.e3 O-O 11.Nbd2 cxd4 12.cxd4 Bd7 13.a3 Rfc8 14.Qb1 Rc7 15.Rc1 Rac8 16.Bf1 Nxd4
17.Rxc7 Nxf3+ 18.Nxf3 Rxc7 19.Ra2 Rc3 20.b4 e5 21.Qd1 Qc6 22.Qd2 Rc1 23.Ne1 Bf5
24.Nd3 Rxf1+ 25.Kxf1 Qc4 26.e4 Bxe4 27.Ke2 Bxd3+  0-1

[Event "AUT-chT9596"]
[Site "Vorarlberg"]
[Date "1995.??.??"]
[Round "5"]
[White "Maier, Peter"]
[Black "Spiegel, Wilfried"]
[Result "1-0"]
[WhiteElo "2005"]
[BlackElo "2225"]

1.Nf3 d5 2.g3 Nf6 3.Bg2 g6 4.O-O Bg7 5.d3 O-O 6.Nbd2 c5 7.e4 Nc6 8.c3 dxe4
9.dxe4 Qc7 10.Qe2 Ng4 11.Nc4 Be6 12.Ng5 Bxc4 13.Qxc4 Na5 14.Qe2 Ne5 15.f4 Nd7
16.e5 h6 17.Nxf7 Kxf7 18.e6+ Kg8 19.exd7 Qxd7 20.Rd1 Qe8 21.Qe6+ Qf7 22.Qxf7+ Kxf7
23.Be3 Rac8 24.Rac1 b6 25.b4 Nc6 26.bxc5 bxc5 27.Bxc5 a5 28.Bd5+ Ke8 29.Bb6 Rf6
30.Bg2 Kf8 31.Re1 Re8 32.Bc5 a4 33.Re4 Kf7 34.Rxa4 g5 35.Rf1 g4 36.Bd5+ Kg6
37.Re4 Bf8 38.Re6 Rxe6 39.Bxe6 Bg7 40.Bd7  1-0

[Event "AUT-chT9596"]
[Site "Vorarlberg"]
[Date "1995.??.??"]
[Round "5"]
[White "Amann, Harald"]
[Black "Spiegel, Wilfried"]
[Result "0-1"]
[WhiteElo "2000"]
[BlackElo "2225"]

1.Nf3 d5 2.g3 Nf6 3.Bg2 Bg4 4.O-O Nbd7 5.d4 Bxf3 6.Bxf3 g6 7.Nd2 Bg7 8.c3 O-O
9.e3 e5 10.b3 Re8 11.Bb2 c5 12.dxe5 Nxe5 13.Be2 Qd7 14.Nf3 Ne4 15.Nxe5 Bxe5
16.Rc1 Rad8 17.Bg4 Qc7 18.Qc2 b5 19.Rfd1 f5 20.Be2 c4 21.b4 h5 22.Bf1 h4
23.f3 hxg3 24.fxe4 gxh2+ 25.Kh1 dxe4 26.Rd4 Bxd4 27.cxd4 Rd5 28.Qg2 Kg7 29.Be2 Rh8
30.Bc3 Qe7 31.Be1 Rh6 32.a3 Kh7 33.Bc3 g5 34.Rf1 Qg7 35.Bd1 Kg6 36.Be1 Qh8
37.Bg4 Qe8 38.Bd1 Qe6 39.Qg3 Rd7 40.Qb8 Rh3 41.Bf2 Qd5 42.Bg3 f4 43.exf4 e3+
44.Bf3 e2 45.f5+ Kh7 46.Qg8+ Qxg8 47.Bxe2 Rxg3  0-1

[Event "AUT-chT9596"]
[Site "Vorarlberg"]
[Date "1995.??.??"]
[Round "5"]
[White "Maier, Peter"]
[Black "Wallis, Toni"]
[Result "1-0"]
[WhiteElo "2005"]
[BlackElo "1985"]

1.Nf3 d5 2.g3 Nf6 3.Bg2 e6 4.O-O Be7 5.d3 O-O 6.Nbd2 b6 7.e4 Bb7 8.e5 Nfd7
9.Re1 c5 10.Nf1 Nc6 11.h4 Re8 12.Bf4 Bf8 13.N1h2 d4 14.Ng4 b5 15.Ng5 Qc7
16.Be4 h6 17.Nh7 Be7 18.Nhf6+ Bxf6 19.exf6 e5 20.Nxh6+ Kf8 21.fxg7+ Kxg7
22.Qg4+ Kf8 23.Qg8+ Ke7 24.Qxf7+ Kd8 25.Bg5+ Ne7 26.Nf5  1-0

[Event "AUT-chT9596"]
[Site "Vorarlberg"]
[Date "1995.??.??"]
[Round "6"]
[White "Flatz, Lothar"]
[Black "Stenek, Bruno"]
[Result "1-0"]
[WhiteElo "1925"]
[BlackElo "1765"]

1.Nf3 d5 2.g3 Nf6 3.Bg2 e6 4.d3 Be7 5.O-O O-O 6.Nbd2 c5 7.Re1 Nc6 8.e4 Qc7
9.e5 Nd7 10.Qe2 a5 11.a4 b6 12.Nf1 Ba6 13.c3 Rab8 14.h4 d4 15.c4 Bb7 16.Bf4 Nb4
17.N1h2 Qd8 18.Ng4 Kh8 19.Rad1 Bc6 20.b3 Re8 21.Bg5 f5 22.exf6 Bxf6 23.Nfe5 Nxe5
24.Nxe5 Qc8 25.Nf7+ Kg8 26.Nd6 Qd7 27.Nxe8 Rxe8 28.Bxc6 Nxc6 29.Bxf6 gxf6
30.Qf3 Kg7 31.h5 Rg8 32.h6+ Kf7 33.Qh5+ Rg6 34.f4 Kg8 35.Kf2 Ne7 36.g4 Qd6
37.Qh2 Kf7 38.Rg1 Ng8 39.Rg2 Rxh6 40.Qg3 Rg6 41.Rh1 Nh6 42.Qf3 Kg7 43.Qb7+ Kg8
44.Kf3 Nf7 45.Rxh7 Nd8 46.Rh8+ Kxh8 47.Rh2+ Kg8 48.Qh7+ Kf8 49.Qxg6 Nf7 50.Qxf6 Qc6+
51.Kg3 Ke8 52.Rh7 Qd7 53.g5 e5 54.fxe5 Qc7 55.Kf4 b5 56.g6 Qxe5+ 57.Qxe5+ Nxe5
58.Kxe5 b4 59.Kf6  1-0

[Event "POL-ch (Women)"]
[Site "Warsaw"]
[Date "1995.??.??"]
[Round "10"]
[White "Krynicka, Jolanta"]
[Black "Bartosik, Olimpia"]
[Result "1/2-1/2"]
[WhiteElo "2175"]
[BlackElo "2145"]

1.Nf3 d5 2.g3 c6 3.Bg2 Nd7 4.d3 g6 5.Nbd2 Bg7 6.c4 e6 7.Rb1 a5 8.b3 Ne7 9.Bb2 e5
10.O-O O-O 11.a3 Re8 12.b4 Qc7 13.cxd5 cxd5 14.Qb3 axb4 15.axb4 Nb6 16.Rfc1 Qd6
17.Ra1 Bd7 18.Rxa8 Rxa8 19.Rc5 Na4 20.Ra5 Rxa5 21.bxa5 Nxb2 22.Qxb2 e4 23.Nd4 Nc6
24.e3 Nxa5 25.dxe4 Nc4 26.Qc3 Nxd2  1/2-1/2

[Event "Wattens op"]
[Site "Wattens"]
[Date "1995.??.??"]
[Round "?"]
[White "Werdinig, Manfred"]
[Black "Schmied, Roman"]
[Result "1/2-1/2"]
[WhiteElo "1750"]
[BlackElo "1945"]

1.Nf3 d5 2.g3 c5 3.Bg2 Nc6 4.O-O g6 5.d3 Bg7 6.Nbd2 e6 7.e4 Nge7 8.c3 h6
9.Qe2 b6 10.Ne1 O-O 11.Kh1 a5 12.a4 Ra7 13.f4 dxe4 14.Nxe4 Ba6 15.Be3 Rd7
16.Rd1 Bc4 17.Nd2 Bxd3 18.Nxd3 Rxd3 19.Be4 Rd6 20.g4 Qc8 21.h4 f5 22.Bc2 Kh7
23.h5 gxh5 24.gxh5 Bf6 25.Rg1 Qa8 26.Kh2 Rdd8 27.Rg2 Rg8 28.Rdg1 Rxg2+ 29.Rxg2 Rg8
30.Nc4 Rxg2+ 31.Qxg2 Qd8 32.Qg1 Kh8 33.Qg2 Kh7 34.Bc1 Kh8 35.Qe2 Qg8 36.Nxb6 e5
37.Nd7 Qg7 38.Nxc5 e4 39.Bb3 Nd8 40.Be3 Nec6 41.Qg2  1/2-1/2

[Event "Wattens op"]
[Site "Wattens"]
[Date "1995.??.??"]
[Round "?"]
[White "Werdinig, Manfred"]
[Black "Fuchs, Georg"]
[Result "0-1"]
[WhiteElo "1750"]
[BlackElo "2220"]

1.Nf3 d5 2.g3 Nf6 3.Bg2 Bf5 4.O-O h6 5.b3 e6 6.Bb2 Be7 7.d3 O-O 8.Nbd2 c5
9.Qe1 Nc6 10.e4 Bg6 11.Qe2 Re8 12.Ne5 Nxe5 13.Bxe5 Bh5 14.Bf3 Bxf3 15.Qxf3 Rc8
16.Rad1 b5 17.a3 d4 18.Bxf6 Bxf6 19.Qe2 e5 20.f4 Qa5 21.f5 Bg5 22.Nf3 Be3+
23.Kg2 Qc3 24.f6 g6 25.Nh4 Re6 26.Qg4 Qxc2+ 27.Kh3 h5 28.Qf3 Bg5 29.Rf2 Qxb3
30.Rdf1 Rxf6 31.Qe2 Rxf2 32.Rxf2 Qe6+ 33.Kg2 Bxh4 34.gxh4 Qg4+ 35.Qxg4 hxg4
36.Kg3 c4 37.Kxg4 cxd3 38.Kg5 Rc2  0-1

[Event "Wattens op"]
[Site "Wattens"]
[Date "1995.??.??"]
[Round "?"]
[White "Pilz, Dieter"]
[Black "Skomorokhin, Roman"]
[Result "0-1"]
[WhiteElo "2245"]
[BlackElo "2460"]

1.Nf3 d5 2.g3 c6 3.Bg2 Bg4 4.c4 e6 5.O-O Nf6 6.b3 a5 7.d3 Nbd7 8.Ba3 Bb4
9.Bb2 O-O 10.Nbd2 Re8 11.a3 Bf8 12.Ne5 Nxe5 13.Bxe5 Nd7 14.Bb2 Qb6 15.Rb1 Rad8
16.Bf3 Bh3 17.Bg2 Bxg2 18.Kxg2 e5 19.Qc2 d4 20.Bc1 c5 21.f3 f5 22.Kg1 Qg6
23.Rf2 Nf6 24.Rg2 h6 25.g4 fxg4 26.Ne4 h5 27.fxg4 Nxe4 28.gxh5 Qxh5 29.dxe4 Rd6
30.Bg5 Rg6 31.Qd2 Be7 32.h4 Bxg5 33.hxg5 Rf8 34.Rf1 Rxf1+ 35.Kxf1 Qh1+ 36.Kf2 Qh4+
37.Kg1 b6 38.b4 axb4 39.axb4 cxb4 40.Qxb4 Rxg5 41.Rxg5 Qxg5+ 42.Kf1 Qf4+
43.Ke1 Qc1+ 44.Kf2 Qe3+ 45.Kf1 d3 46.exd3 Qxd3+ 47.Kf2 Qd4+ 48.Kf3 Kh7 49.Qb1 Qxc4
50.Qxb6 Qd3+ 51.Kf2 Qd2+ 52.Kf1 Qf4+ 53.Kg1 Qg5+ 54.Kf2 Qf4+ 55.Kg1 Qxe4
56.Qb8 Qe3+ 57.Kf1 e4 58.Qe8 Qf3+ 59.Ke1 Qe3+ 60.Kf1 Qf4+ 61.Ke1 g6 62.Ke2 Kh6
63.Qe7 Kh5 64.Qe8 Qf5 65.Ke1 Kg4 66.Qc6 g5 67.Qb6 Qf4 68.Ke2 Kh3 69.Ke1 g4
70.Qe6 e3 71.Ke2 Qf2+ 72.Kd3 Qd2+ 73.Ke4 e2  0-1

[Event "NBG Open Weilburg"]
[Site "Weilburg"]
[Date "1995.??.??"]
[Round "7"]
[White "Gutman, Lev"]
[Black "Khenkin, Igor"]
[Result "0-1"]
[WhiteElo "2470"]
[BlackElo "2555"]

1.Nf3 d5 2.g3 g6 3.Bg2 Bg7 4.O-O e5 5.c4 dxc4 6.Na3 Be6 7.Qc2 Nc6 8.Nxc4 Nge7
9.d3 O-O 10.Bd2 a5 11.Bc3 Nd4 12.Qd2 Nec6 13.e3 Bd5 14.exd4 exd4 15.Bxa5 b5
16.Bb4 Nxb4 17.Qxb4 bxc4 18.dxc4 Rb8 19.Qc5 Bxf3 20.Bxf3 Rxb2 21.a4 d3 22.Bd5 c6
23.Bxc6 Bd4 24.Qd5 Qf6 25.Rad1 Rd8 26.Bd7 Rxf2 27.Rxf2 Qxf2+ 28.Kh1 Rxd7  0-1

[Event "NBG Open Weilburg"]
[Site "Weilburg"]
[Date "1995.??.??"]
[Round "8"]
[White "Hickl, Joerg"]
[Black "Haba, Petr"]
[Result "1/2-1/2"]
[WhiteElo "2570"]
[BlackElo "2410"]

1.g3 d5 2.Nf3 Nf6 3.Bg2 c6 4.b3 Bf5 5.Bb2 e6 6.d3 h6 7.Nbd2 Be7 8.O-O O-O
9.c4 Nbd7 10.a3 a5 11.Qc2 Bh7 12.Bc3 b5 13.cxb5 cxb5 14.Bd4 Bd6 15.Rfc1 Rc8
16.Qa2 e5 17.Rxc8 Qxc8 18.Bb2 Bf5  1/2-1/2

[Event "Werfen op-B"]
[Site "Werfen"]
[Date "1995.??.??"]
[Round "3"]
[White "Riegler, Stefan"]
[Black "Schneider, Martin"]
[Result "0-1"]
[WhiteElo "1780"]
[BlackElo "1895"]

1.Nf3 d5 2.g3 Bg4 3.Bg2 c6 4.O-O e6 5.b3 Nd7 6.Bb2 f5 7.d3 Ngf6 8.Nbd2 Bc5
9.c4 O-O 10.Rc1 Qe8 11.a3 a5 12.Rc2 Qh5 13.Qa1 Bd6 14.Re1 Rae8 15.Nf1 e5
16.d4 e4 17.Ne5 g5 18.f4 gxf4 19.gxf4 Re7 20.Ng3 Qh4 21.e3 Rg7 22.Kh1 Kh8
23.Rg1 Rfg8 24.Qe1 Nh5 25.Nxh5 Qxh5 26.cxd5 cxd5 27.Qc1 Nb6 28.Rf2 Bf3 29.Qd2 a4
30.Qa5 Bc7 31.Ba1 axb3 32.Qb5 Bxg2+ 33.Rfxg2 Rxg2  0-1

[Event "Sonnevanck-B"]
[Site "Wijk aan Zee"]
[Date "1995.??.??"]
[Round "8"]
[White "Loeffler, Stefan"]
[Black "Van de Oudeweetering, Arthur"]
[Result "1-0"]
[WhiteElo "2425"]
[BlackElo "2330"]

1.Nf3 d5 2.g3 c6 3.Bg2 Bg4 4.b3 Nd7 5.Bb2 Ngf6 6.O-O e6 7.d3 Bc5 8.e4 dxe4
9.dxe4 e5 10.Nbd2 O-O 11.Qe1 Re8 12.Nh4 b5 13.Kh1 Bh5 14.f4 Ng4 15.Bf3 exf4
16.gxf4 Nf2+ 17.Rxf2 Qxh4 18.Rg2 Qxe1+ 19.Rxe1 Bxf3 20.Nxf3 g6 21.Rd2 Nf8
22.Ne5 Ne6 23.f5 Ng5 24.Rg2 Rxe5 25.Rxg5 Bb4 26.Re2 Ree8 27.e5 Rad8 28.e6 Rd1+
29.Kg2 Rd2 30.Rxd2 Bxd2 31.Rg4 Be3 32.h4 Kf8 33.Ba3+ Kg7 34.h5 fxe6 35.hxg6 hxg6
36.Bb2+ Kh6 37.fxg6 Rg8 38.g7 Kh7 39.Re4 Bh6 40.Rxe6 Bxg7 41.Bxg7 Rxg7+ 42.Kf3 Rc7
43.Ke4 Kg7 44.Ke5 Rd7 45.Rd6 Rc7 46.Ke6 Kg6 47.Rd7 Rc8 48.Rxa7 Rd8 49.Ra6 b4
50.Rxc6 Kg5 51.Rc5+ Kg6 52.Rc4  1-0

[Event "Hoogovens op"]
[Site "Wijk aan Zee"]
[Date "1995.??.??"]
[Round "12"]
[White "Tregubov, Pavel V"]
[Black "Zvjaginsev, Vadim"]
[Result "1/2-1/2"]
[WhiteElo "2515"]
[BlackElo "2585"]

1.Nf3 d5 2.g3 Nf6 3.Bg2 c6 4.O-O Bg4 5.b3 e6 6.Bb2 Nbd7 7.d3 Bd6 8.Nbd2 O-O
9.e4 Qc7 10.Qe1 e5 11.h3 Bh5 12.Nh4 Rfe8 13.Nf5 Bf8 14.Qe3 Bg6 15.g4 Rad8
16.Rad1 Qa5 17.a3 Qc5 18.Qxc5 Bxc5 19.Rfe1 Bxf5 20.exf5 h6 21.Re2 Re7 22.Rde1 Rde8
23.b4 Bd6 24.Nb3 Bc7 25.c4 dxc4 26.dxc4 e4 27.Nd2 Be5 28.Bxe5 Nxe5 29.Nxe4 Nxe4
30.Rxe4 Kf8 31.Rd1 Rd7 32.Rxd7 Nxd7 33.Rxe8+ Kxe8 34.c5 Ne5 35.Bf1 Nf3+ 36.Kg2 Ne1+
37.Kg3 Nc2 38.Bd3 Nxa3 39.f6 gxf6 40.Kf4 Ke7 41.Kf5 b6 42.cxb6 axb6 43.Ke4 c5
44.bxc5 bxc5 45.Kd5 c4 46.Bxc4 Nxc4 47.Kxc4 Ke6 48.Kd4 f5  1/2-1/2

[Event "Wrexham"]
[Site "Wrexham"]
[Date "1995.??.??"]
[Round "9"]
[White "Csom, Istvan"]
[Black "Bronstein, David I"]
[Result "1/2-1/2"]
[WhiteElo "2455"]
[BlackElo "2445"]

1.Nf3 d5 2.g3 g6 3.Bg2 Bg7 4.d4 Nf6 5.O-O O-O 6.Nbd2 c6 7.c4 Bf5 8.b3 a5
9.Bb2 a4 10.bxa4 Qa5 11.Qb3 Qxa4 12.Rfc1  1/2-1/2

[Event "Wuerzburg op"]
[Site "Wuerzburg"]
[Date "1995.??.??"]
[Round "5"]
[White "Bezold, Michael"]
[Black "Bagirov, Vladimir"]
[Result "1/2-1/2"]
[WhiteElo "2495"]
[BlackElo "2530"]

1.Nf3 d5 2.g3 c6 3.Bg2 Bg4 4.O-O Nd7 5.d4 e6 6.Nbd2 Ngf6 7.Re1 Be7 8.e4 dxe4
9.Nxe4 Nxe4 10.Rxe4 Bf5 11.Re1 O-O 12.c3 a5 13.Bf4  1/2-1/2

[Event "Wuerzburg op"]
[Site "Wuerzburg"]
[Date "1995.??.??"]
[Round "7"]
[White "Galdunts, Sergey"]
[Black "Bagirov, Vladimir"]
[Result "1/2-1/2"]
[WhiteElo "2475"]
[BlackElo "2530"]

1.Nf3 d5 2.g3 Bg4 3.Bg2 c6 4.d3 e6 5.O-O Bd6 6.e4 Ne7 7.Re1 O-O 8.Nbd2 Nd7
9.b3 a5 10.Bb2 a4 11.c4  1/2-1/2

[Event "ARM-ch"]
[Site "Yerevan"]
[Date "1995.??.??"]
[Round "1"]
[White "Akopian, Vladimir"]
[Black "Lputian, Smbat G"]
[Result "1-0"]
[WhiteElo "2625"]
[BlackElo "2585"]

1.Nf3 d5 2.g3 g6 3.Bg2 Bg7 4.d4 Nf6 5.c4 O-O 6.cxd5 Nxd5 7.O-O Nc6 8.e4 Nb6
9.d5 Na5 10.Nc3 c6 11.Bg5 Nac4 12.Qe2 h6 13.Bf4 g5 14.Bc1 cxd5 15.Nxd5 Bg4
16.h3 Bxf3 17.Bxf3 Rc8 18.Rb1 e6 19.Ne3 Qe7 20.Rd1 Rc7 21.b3 Na3 22.Bxa3 Qxa3
23.e5 Nd7 24.Ng4 Rfc8 25.Rd2 Rc1+ 26.Rxc1 Qxc1+ 27.Kg2 Qc7 28.Qb5 Nxe5 29.Nxe5 Qxe5
30.Qxb7 Qc7 31.Rd7 Qxb7 32.Bxb7 Rc2 33.Bf3 Bf8 34.Bh5 Bc5 35.Bxf7+ Kf8 36.Bxe6 Rxf2+
37.Kh1 Rf1+ 38.Kg2 Rf2+ 39.Kh1  1-0

[Event "ARM-ch"]
[Site "Yerevan"]
[Date "1995.??.??"]
[Round "5"]
[White "Nalbandian, Tigran"]
[Black "Lputian, Smbat G"]
[Result "1/2-1/2"]
[WhiteElo "2460"]
[BlackElo "2585"]

1.Nf3 d5 2.g3 c6 3.Bg2 Bg4 4.c4 e6 5.cxd5 Bxf3 6.Bxf3 cxd5 7.O-O Nc6 8.d3 Nf6
9.Nc3 Bc5 10.Bg5 O-O 11.Rc1 Bd4 12.e3 h6 13.Bxf6 Bxf6 14.d4 Na5 15.b4 Nc4
16.e4 Rc8 17.Qe2 Bg5 18.Rcd1 Ne3 19.fxe3 Rxc3 20.Rd3 Rxd3 21.Qxd3 dxe4 22.Qxe4 Qc7
23.Be2 g6 24.Kf2 h5 25.Rd1 Rd8 26.Qd3 h4 27.Qc4 Qe7 28.Bf3 Qf6 29.Qc5 b6
30.Qc7 Kg7 31.g4 h3 32.Ke2 Re8 33.Bc6 Re7 34.Qd6 Bh6 35.Qe5 Bg5 36.Qxf6+ Bxf6
37.e4 Rc7 38.d5 Be5 39.b5 exd5 40.Rxd5 Bxh2 41.Rd3 Be5 42.Rxh3 a6 43.Rd3 axb5
44.Bxb5 Kh6 45.Rd7 Rc2+ 46.Rd2 Rc8 47.Rd5 f6 48.Bd7 Rc2+ 49.Rd2 Rc4 50.Ke3 Kg5
51.Rd3 Rc2 52.a4 Rh2 53.Kf3 Rh3+ 54.Ke2 Rh1 55.Kf3 Rf1+ 56.Kg2 Rb1 57.Kf3 Re1
58.Rd2 Rg1 59.Ke3 Kh4 60.Rd3 Rh1 61.Kf2 Kg5 62.Kf3 Re1 63.Rd2 Rf1+ 64.Ke3 Kh4
65.Rd3 Kg3 66.Ke2+ Kg2 67.Rb3 Rf2+ 68.Kd3  1/2-1/2

[Event "ARM-ch"]
[Site "Yerevan"]
[Date "1995.??.??"]
[Round "6"]
[White "Nalbandian, Tigran"]
[Black "Yegiazarian, Arsen"]
[Result "1-0"]
[WhiteElo "2460"]
[BlackElo "2460"]

1.Nf3 d5 2.g3 Nf6 3.Bg2 e6 4.O-O c5 5.c4 Be7 6.b3 Nc6 7.cxd5 exd5 8.Bb2 O-O
9.d3 Bg4 10.h3 Bh5 11.Nbd2 Re8 12.Qc2 Bf8 13.Rfe1 Rc8 14.Rac1 b6 15.a3 h6
16.Qb1 Nh7 17.e3 Be7 18.d4 Nf8 19.Ne5 Nxe5 20.dxe5 Bg6 21.Qa2 Qd7 22.f4 h5
23.Kh2 Bf5 24.Red1 Qe6 25.b4 Red8 26.b5 d4 27.Qxe6 Bxe6 28.exd4 cxd4 29.Bc6 d3
30.Nf3 Bc5 31.Rc3 Bf5 32.Nh4 Bh7 33.f5 g5 34.Rcxd3 Rxd3 35.Rxd3 gxh4 36.g4 hxg4
37.hxg4 Ne6 38.Rd7 Ng5 39.Bc1 Rxc6 40.bxc6 Nf3+ 41.Kg2 Ne1+ 42.Kh3  1-0

[Event "ARM-ch"]
[Site "Yerevan"]
[Date "1995.??.??"]
[Round "7"]
[White "Minasian, Artashes"]
[Black "Petrosian, Arshak B"]
[Result "1-0"]
[WhiteElo "2565"]
[BlackElo "2435"]

1.Nf3 d5 2.g3 Nf6 3.Bg2 Bf5 4.O-O e6 5.d3 h6 6.Nbd2 Be7 7.b3 O-O 8.Bb2 a5
9.a3 Nbd7 10.Re1 Bh7 11.e4 c6 12.Qe2 Qb6 13.Rab1 Rfd8 14.h4 Qa6 15.e5 Ne8
16.g4 c5 17.a4 Nf8 18.g5 hxg5 19.Nxg5 Bxg5 20.hxg5 b5 21.Ra1 b4 22.Qh5 Rac8
23.Re3 Bf5 24.Bh3 Bg6 25.Qh4 c4 26.bxc4 dxc4 27.Nxc4 Rxc4 28.Qxc4 Qxc4 29.dxc4 Rd2
30.Bf1 Rxc2 31.Bd4 Nd7 32.Rd1 Kf8 33.Ba7 Ke7 34.Bd3 Rc3 35.Bxg6 Rxe3 36.Bxe3 fxg6
37.f4 Nc7 38.Rd6 Kd8 39.Bb6 b3 40.Rd3 b2 41.Rb3  1-0

[Event "EU-ch U18 Girls"]
[Site "Zagan"]
[Date "1995.??.??"]
[Round "1"]
[White "Veja, Ginta"]
[Black "Abishova, Anna"]
[Result "0-1"]
[WhiteElo "2070"]
[BlackElo "2035"]

1.Nf3 d5 2.g3 Nf6 3.Bg2 c5 4.O-O Nc6 5.d3 e6 6.Nbd2 Bd6 7.e4 O-O 8.c3 b6
9.Re1 Qc7 10.Qe2 Nd7 11.Nh4 d4 12.f4 Be7 13.e5 Bxh4 14.gxh4 Bb7 15.Ne4 Ne7
16.Kh1 Nf5 17.Qf2 Rae8 18.Rg1 f6 19.Nd6 Bxg2+ 20.Qxg2 Re7 21.Nxf5 exf5 22.Qd5+ Kh8
23.e6 Nb8 24.cxd4 Rd8 25.Qxf5 Rxd4 26.Be3 Qc6+ 27.Rg2 Rd5 28.Qg4 Rxd3 29.Rd1 Rxd1+
30.Qxd1 Qxe6 31.Bf2 Rd7  0-1

[Event "EU-ch U18"]
[Site "Zagan"]
[Date "1995.??.??"]
[Round "7"]
[White "Kraschl, Joerg"]
[Black "Pedersen, Nicolai Vesterbaek"]
[Result "0-1"]
[WhiteElo "2320"]
[BlackElo "2300"]

1.g3 d5 2.Nf3 c6 3.Bg2 Bg4 4.O-O Nd7 5.d3 e5 6.e4 dxe4 7.dxe4 Ngf6 8.h3 Bh5
9.Nbd2 Be7 10.a4 a5 11.Qe1 b5 12.Nb3 b4 13.Nbd2 Bd6 14.Nc4 Bc7 15.b3 O-O
16.Bb2 Qe7 17.Nfd2 Ne8 18.f4 f6 19.f5 Nd6 20.Nxd6 Bxd6 21.g4 Bf7 22.Nf3 c5
23.Qg3 c4 24.g5 Rfc8 25.g6 hxg6 26.fxg6 Be6 27.Qh4 Nf8 28.Qh5 cxb3 29.cxb3 Rc2
30.Bc1 Rac8 31.Nh4 R8c3 32.Nf5 Bc5+ 33.Kh1 Qe8 34.Nxg7 Bxh3 35.Bxh3 Qxg6
36.Be6+ Nxe6 37.Qxg6 Rh3+  0-1

[Event "EU-ch U18"]
[Site "Zagan"]
[Date "1995.??.??"]
[Round "8"]
[White "Mirumian, Vigen"]
[Black "Socko, Bartosz"]
[Result "1/2-1/2"]
[WhiteElo "2415"]
[BlackElo "2485"]

1.Nf3 d5 2.g3 c6 3.Bg2 Bg4 4.b3 Nd7 5.Bb2 Ngf6 6.O-O e6 7.d3 Be7 8.Nbd2 O-O
9.e4 a5 10.a3 Qc7 11.h3 Bh5 12.Qe1 Bg6 13.Nh2 dxe4 14.dxe4 e5 15.a4 Ne8 16.Nc4 f6
17.Bc3 b6 18.Ng4 Nd6 19.Nxd6 Bxd6 20.Ne3 Nc5 21.Qe2 Rfd8 22.Rad1 Ne6 23.Nf5 Bc5
24.h4 Rxd1 25.Rxd1 Rd8 26.Bh3 Bf7 27.Bf1 Kf8 28.Rd3 Rxd3 29.Qxd3 Qd8 30.Qxd8+ Nxd8
31.Kg2 g6 32.Nh6 Be6 33.Be2 Kg7 34.Ng4 h5 35.Nh2 Nb7 36.Nf1 Nd6 37.Bd3 Kf7
38.Bd2 f5 39.f3 Bd4 40.Bg5 b5 41.Bd2 b4 42.Bg5 Ke8 43.Nd2 Bc3 44.Kf1 Kd7
45.Ke2 c5 46.Bf6 Bf7 47.Bg7 Ke7 48.Bh6 Bd4  1/2-1/2

[Event "EU-ch U18 Girls"]
[Site "Zagan"]
[Date "1995.??.??"]
[Round "8"]
[White "Veja, Ginta"]
[Black "Agosto, Erika"]
[Result "0-1"]
[WhiteElo "2070"]
[BlackElo "2050"]

1.Nf3 d5 2.g3 Bf5 3.Bg2 c6 4.O-O Nd7 5.d3 Ngf6 6.Nbd2 e6 7.Qe1 Bg6 8.e4 dxe4
9.dxe4 e5 10.Nc4 Qc7 11.b4 b5 12.Na5 Be7 13.Nh4 O-O 14.Nxg6 hxg6 15.f4 Rad8
16.Bb2 Bd6 17.Rd1 c5 18.a3 c4 19.Kh1 Nb8 20.Rxd6 Qxd6 21.fxe5 Qd2 22.exf6 gxf6
23.Bxf6 Qxe1 24.Rxe1 Rd2 25.c3 Ra2 26.Bd4 Rxa3 27.Bh3 a6 28.e5 Rd8 29.Nb7 Rf8
30.Rf1 Nc6 31.Nd6 Nxd4 32.cxd4 Rd3 33.Nxf7 Rxd4 34.e6 Re4 35.Rc1 Re3 36.Rc2 c3
37.Nh6+ Kg7 38.Nf7 a5 39.Nd6 axb4 40.Nxb5 Rb8 41.Nd4 b3 42.Rc1 b2 43.Rb1 Rd3  0-1

[Event "Zalakaros op"]
[Site "Zalakaros"]
[Date "1995.??.??"]
[Round "1"]
[White "Kustar, Sandor"]
[Black "Benesch, Heribert"]
[Result "1-0"]
[WhiteElo "2435"]
[BlackElo "2060"]

1.Nf3 d5 2.g3 Nf6 3.Bg2 Bf5 4.d3 h6 5.O-O e6 6.Nbd2 c6 7.Qe1 Bc5 8.e4 Bh7
9.Qe2 O-O 10.b3 Nbd7 11.Bb2 a5 12.a3 Qb6 13.h3 Rad8 14.Kh1 Qa6 15.e5 Ne8
16.Nh2 Nc7 17.Ng4 Be7 18.Nf3 Qa8 19.Qd2 Kh8 20.Qf4 Qc8 21.Rae1 f5 22.exf6 Bxf6
23.Nxf6 Nxf6 24.Qh4 Qd7 25.Ne5 Qe7 26.g4 Ng8 27.Qg3 Nf6 28.f4 Qc5 29.g5 Nh5
30.Qh4 Nxf4 31.Rxf4 Rxf4 32.Qxf4 Rf8 33.Nf7+ Kg8 34.Nxh6+ gxh6 35.Qe5 Qe7
36.Qh8+ Kf7 37.Qxh7+ Ke8 38.Qxe7+ Kxe7 39.gxh6 Ne8 40.h4 Nf6 41.Bxf6+  1-0